My early life
Tallennettuna:
| Päätekijä: | |
|---|---|
| Aineistotyyppi: | Kirja |
| Kieli: | Undetermined |
| Julkaistu: |
New York
Charles Scribner's Sons
1930
|
| Aiheet: | |
| Tagit: |
Lisää tagi
Ei tageja, Lisää ensimmäinen tagi!
|
| Thư viện lưu trữ: | Trung tâm Học liệu Trường Đại học Cần Thơ |
|---|
| LEADER | 00511nam a2200193Ia 4500 | ||
|---|---|---|---|
| 001 | CTU_86501 | ||
| 008 | 210402s9999 xx 000 0 und d | ||
| 082 | |a 941.084 | ||
| 082 | |b C563 | ||
| 100 | |a Churchill, Winston S. | ||
| 245 | 0 | |a My early life | |
| 245 | 0 | |c Winston S. Churchill | |
| 260 | |a New York | ||
| 260 | |b Charles Scribner's Sons | ||
| 260 | |c 1930 | ||
| 650 | |a Great britain army | ||
| 650 | |x Military life | ||
| 904 | |i Tuyến | ||
| 980 | |a Trung tâm Học liệu Trường Đại học Cần Thơ | ||